| 000 | 00382nam a22001097a 4500 | ||
|---|---|---|---|
| 050 |
_a(The) HD 9566 _b.K3 2024 |
||
| 100 | _aKawinzi Jeremiah Mulinge | ||
| 245 | _aInstitutional determination of strategic plan implementation in public secondary schools in Machakos county | ||
| 300 | _a98p. | ||
| 650 |
_bSchool management _vstrategic plan implementation in schools |
||
| 942 |
_2lcc _cTHE |
||
| 999 |
_c18783 _d18783 |
||